书目信息 |
| 题名: |
科学技术方法大辞典
|
|
| 作者: | 李庆臻 主编 | |
| 分册: | ||
| 出版信息: | 北京 科学出版社 1999.07 |
|
| 页数: | 727页 | |
| 开本: | 32开 | |
| 丛书名: | ||
| 单 册: | ||
| 中图分类: | G312-61 | |
| 科图分类: | ||
| 主题词: | 科学研究--工作 | |
| 电子资源: | ||
| ISBN: | 7-03-006755-X | |
| 000 | 00532nam0 2200193 45 | |
| 001 | 0011031066 | |
| 005 | 20031219104047.2 | |
| 010 | @a7-03-006755-X@b精装@dCNY65.00 | |
| 100 | @a20001103d1999 km y0chiy0120 ea | |
| 101 | 0 | @achi |
| 105 | @a z 000yy | |
| 200 | 1 | @a科学技术方法大辞典@f李庆臻主编@FLi Qing Zhen Zhu Bian |
| 210 | @a北京@c科学出版社@d1999.07 | |
| 215 | @a727页@d32开 | |
| 606 | 0 | @a科学研究@x工作 |
| 690 | @aG312-61@v3 | |
| 701 | 0 | @a李庆臻@4主编 |
| 801 | @aCN@bTSTC@c20001103 | |
| 905 | @b292786-788@dG312-61@e13@f3 | |
| 科学技术方法大辞典/李庆臻主编.-北京:科学出版社,1999.07 |
| 727页;32开 |
| ISBN 7-03-006755-X(精装):CNY65.00 |
| ● |
| 相关链接 |
|
|
|
|
正题名:科学技术方法大辞典
索取号:G312-61/13
 
预约/预借
| 序号 | 登录号 | 条形码 | 馆藏地/架位号 | 状态 | 备注 |
| 1 | 0292786 | 002927863 | 工具书阅览室/ [索取号:G312-61/13] | 在馆 | |
| 2 | 0292787 | 002927872 | 密集书库/ [索取号:G312-61/13] | 在馆 | |
| 3 | 0292788 | 002927881 | 第一样本阅览室/ [索取号:G312-61/13] | 在馆 |